[Event "BCF-ch U180"]
[Site "Aberystwyth"]
[Date "2014.07.21"]
[Round "1"]
[White "Slinger, Tony J"]
[Black "Gartside, Carl"]
[Result "1-0"]
[WhiteElo "169"]
[BlackElo "147"]
[PlyCount "43"]
[EventDate "2014.07.21"]
[EventType "swiss"]
[EventRounds "5"]
[EventCountry "WLS"]
[SourceTitle "EXT 2017"]
[Source "ChessBase"]
[SourceDate "2016.10.25"]
[SourceVersion "1"]
[SourceVersionDate "2016.10.25"]
[SourceQuality "1"]

1. c4 e6 2. Nc3 Nf6 3. e4 d5 4. e5 Ne4 5. cxd5 exd5 6. Nxe4 dxe4 7. Qa4+ Bd7 8. Qxe4 Bc6 9. Qf4 Nd7 10. Nf3 Bxf3 11. Qxf3 Nxe5 12. Qxb7 Rb8 13. Qe4 Qe7 14. Be2 g6 15. 0-0 Bg7 16. d4 Nd7 17. Qxe7+ Kxe7 18. Rd1 Rhd8 19. b3 Nb6 20. Ba3+ Ke8 21. Bb5+ Nd7 22. Re1+ 1-0

[Event "BCF-ch 5-day op PM Week 1"]
[Site "Torquay"]
[Date "2013.07.29"]
[Round "1.84"]
[White "Gartside, Carl"]
[Black "Wells, Jonathan C"]
[Result "0-1"]
[WhiteElo "1789"]
[BlackElo "2037"]
[PlyCount "49"]
[EventDate "2013.07.29"]
[EventType "swiss"]
[EventRounds "5"]
[EventCountry "ENG"]
[SourceTitle "EXT 2023"]
[Source "ChessBase"]
[SourceDate "2022.10.05"]
[SourceVersion "1"]
[SourceVersionDate "2022.10.05"]
[SourceQuality "1"]

1. e4 c5 2. Nf3 e6 3. Bd3 Nc6 4. 0-0 g6 5. Re1 Bg7 6. c3 Nge7 7. Bc2 e5 8. d3 d6 9. Nbd2 0-0 10. Nf1 h6 11. Ng3 Be6 12. Bb3 d5 13. exd5 Nxd5 14. Be3 b6 15. Ba4 Nde7 16. Bb3 Bd5 17. Bxd5 Qxd5 18. Qc2 Rad8 19. Red1 f5 20. Bc1 Rd7 21. Ne1 Rfd8 22. Nf1 Qf7 23. Ne3 f4 24. Nc4 e4 25. d4 0-1